00325nam a22000977a 4500008004100000082002200041110004000063245006300103260005300166300000800219230620b xxu||||| |||| 00| 0 eng d a306.089bMAK 2005 bMinority Rights Group International aKenya: Minorities, Indigenous Peoples and Ethnic Diversity aKenyabMinority Rights Group Internationalc2005 a40p